Occupational theraphy for people experiencing illness, injury or impairment : promoting occupation and participation (seventh edition) (Record no. 32242)

MARC details
000 -LEADER
fixed length control field 00873nam a2200205 a 4500
008 - FIXED-LENGTH DATA ELEMENTS--GENERAL INFORMATION
fixed length control field 191202s2017 ||||||||||||||||| || u
020 ## - INTERNATIONAL STANDARD BOOK NUMBER
International Standard Book Number 9780702054464
050 ## - LIBRARY OF CONGRESS CALL NUMBER
Classification number RM 735 Cur
100 ## - MAIN ENTRY--PERSONAL NAME
Personal name Curtin, Michael
245 10 - TITLE STATEMENT
Title Occupational theraphy for people experiencing illness, injury or impairment : promoting occupation and participation (seventh edition)
Statement of responsibility, etc. Edited by Michael Curtin ; Mary Egan ; Jo Adams ; Elizabeth Townsend
250 ## - EDITION STATEMENT
Edition statement 7th edition
260 ## - PUBLICATION, DISTRIBUTION, ETC.
Place of publication, distribution, etc. Edinburgh
Name of publisher, distributor, etc. Elsevier
Date of publication, distribution, etc. 2017
300 ## - PHYSICAL DESCRIPTION
Extent xxi, 818 pages : illustrations
350 ## -
-- 69.09
650 #2 - SUBJECT ADDED ENTRY--TOPICAL TERM
Topical term or geographic name entry element OCCUPATIONAL THERAPY
700 ## - ADDED ENTRY--PERSONAL NAME
Personal name Townsend, Elizabeth
700 ## - ADDED ENTRY--PERSONAL NAME
Personal name Egan, Mary
700 ## - ADDED ENTRY--PERSONAL NAME
Personal name Adams, Jo
995 ## -
-- MICHAEL CHILUFYA SATA OPEN ACCESS
-- 904589
-- CBU-SCHOOL OF MEDICINE LIBRARY (Ndola)
-- 69.09
-- RM 735 Cur
-- 1
-- AVAILABLE
-- Dec 5, 2019
-- 904589
-- Main Library Open Access Collection
999 ## -
-- 32242
-- 32242
Holdings
Withdrawn status Lost status Source of classification or shelving scheme Damaged status Not for loan Permanent Location Current Location Shelving location Date acquired Total Checkouts Full call number Barcode Date last seen Price effective from Koha item type
          CBU-SCHOOL OF MEDICINE LIBRARY, NDOLA. CBU-SCHOOL OF MEDICINE LIBRARY, NDOLA.   11/30/2022   RM 735 Cur 904589 11/30/2022 11/30/2022 MONOGRAPH